| 000 | 00357nam a22001337a 4500 | ||
|---|---|---|---|
| 020 |
_a9789351072256 _qPB |
||
| 040 |
_cNUST _dNUST |
||
| 082 |
_a620.11 _bPHI |
||
| 100 |
_aPhilip, Mathew & Bolton , Bill _918938 |
||
| 245 | _aTechnology of Engineering Materials | ||
| 260 |
_aNEW Delhi, ; _bElsevier, _c2014. |
||
| 300 |
_a471 p. ; _b28 cm. |
||
| 942 |
_2ddc _cBK |
||
| 999 |
_c527602 _d527602 |
||